000 00977nam a2200289 a 4500
001 26298
003 CO-ViMGA
008 141112s2004 ck r 000 u spa d
015 _ack - 2009 - xxxx
020 _a9789583032400
040 _aCO-ViMGA
_bspa
_cCO-ViMGA
082 0 4 _aI610 M11n
100 1 _aMacdonald, Fiona
245 1 0 _aNo te gustaría ser un ladrón de cuerpos! /
_cescrito por Fiona Macdonald ; ilustrado por David Antram ; creado y diseñado por David Salariya
250 _a1a. ed.
260 _aBogotá :
_bPanAméricana,
_c2009
300 _a32 p. : il. ; 25 cm
490 _aNo te gustaría ser - -
500 _aIncluye índice
598 _aNEW - GRAL, NEW
650 1 4 _aMedicina - Literatura infantil
_941071
653 _aLadrones de cadáveres
700 1 _aAntram, David, 1958 - , ilustrador il.
_941072
917 _a2009 - 6816 2 ejemplares
942 _2ddc
_cBK
990 _a2009 - 6816 PanAméricana 2 ejemplares 21 29092009 a692728
999 _c3573
_d3573